| 000 | 00622nam a2200205 u 4500 | ||
|---|---|---|---|
| 005 | 20240314063635.0 | ||
| 008 | 080506s1995 r 000 0 eng d | ||
| 020 | _a0590502115 | ||
| 035 | _aUPN01000155765 | ||
| 049 | _aI | ||
| 050 | 4 |
_aPZ7 _bR3.7 |
|
| 100 | 1 | _aRathmann, Peggy | |
| 245 | 1 | 0 |
_aRuby, mono ve, mono hace / _cPeggy Rathmann ; tr. Yolanda Noda. |
| 260 |
_aNew York : _bScholastic, _cc1995. |
||
| 300 |
_a32 p. : _bil. col. |
||
| 650 | 7 |
_aLiteratura infantil estadounidense _2 _99173 |
|
| 650 | 4 |
_aCuentos infantiles estadounidenses _910762 |
|
| 650 | 7 |
_aAmistad entre niƱos _2 _94319 |
|
| 905 | _aInfantil | ||
| 999 |
_c127879 _d127879 |
||